01220nam a2200157 a 4500008004100000020001500041041000800056100001800064245003400082250004100116260003500157300001100192500007000203505077400273655001501047180528e2001 ag ||||g |||| 00| f spa d a9500422794 aspa1 aKnox, Malcolm aVerano infiel /cMalcolm Knox a1a ed.bTraducción Maria Martoccia aBuenos Aires:bEmecé;c2001. a287 p. aKnox, M. (2001). Verano infiel. (1a ed.). Buenos Aires : Emecé. aHugh y Richard son íntimos amigos. Como cada año desde que pueden recordar, ellos y sus mujeres pasan las vacaciones en las doradas costas de Palm Beach. Son verdaderos privilegiados: jóvenes, hermosos y ricos, viven en un mundo de posibilidades ilimitadas. Hugh es el heredero de un poderoso imperio agropecuario, apuesto, audaz y obsesionado consigo mismo. Está casado con Helen, una auténtica belleza, que lo apoya y le consiente todo. Pup, escritora mordaz, es la esposa de Richard, el narrador de esta inquietante historia. Ahora, el paraíso de todos los veranos se ha perdido y sus vidas brillantes se oscurecieron con el engaño y la tragedia. Verano infiel es el formidable debut de Malcolm Knox, autor revelación de la nueva novela australiana.  aLiteratura